| 000 | 00702nam a2200241 a 4500 | ||
|---|---|---|---|
| 005 | 20210223130615.0 | ||
| 008 | 080918s2000 mx r 000 0 spa d | ||
| 035 | _aUPN01000159654 | ||
| 049 | _aUNE | ||
| 080 | _a612.39: 371.71 =20 AMC No.68. | ||
| 100 | 1 | _aAmcoff, Sven. | |
| 245 | 1 | 4 | _aThe Impact of Malnutrition on the Learning Situation/ Sven Amcoff |
| 260 | _aParis : UNESCO; New York : UNICEF : Rome :WFP, 1981. | ||
| 300 | _a16 p. | ||
| 440 | 0 | _aNotes, comments...; 68 | |
| 500 | _aIncluye bibliografía. | ||
| 690 | _aEducacion nutricional- Malnutricion | ||
| 690 | _aNutricion- Educacion | ||
| 710 | 2 | _aUNESCO | |
| 710 | 2 |
_aUNICEF _924085 |
|
| 710 | 2 | _aWFP | |
| 905 | _aUNESCO | ||
| 999 |
_c131768 _d131768 |
||